| 000 | 00992nam a2200277 a 4500 | ||
|---|---|---|---|
| 001 | 76199 | ||
| 003 | BD-RjUL | ||
| 005 | 20211209082816.0 | ||
| 008 | 191111r19871982uk a b 001 0 eng d | ||
| 020 | _a0521226929 | ||
| 035 | _a(BD-RjUL)76420 | ||
| 040 |
_aDLC _cDLC _dDLC _dBD-RjUL _beng |
||
| 041 | _aeng | ||
| 082 | 0 | 0 |
_a330.954 _bCAM V-1 1987 |
| 245 | 0 | 4 |
_aThe Cambridge economic history of India / _cGeneral editors: Dharma Kumar and Tapan Raychaudhuri |
| 260 |
_aCambridge : _aCambridge University Press, _b1982 [Reprinted 1987] |
||
| 300 |
_a v. : _bill. ; _c24 cm. |
||
| 504 | _aIncludes bibliography and Index | ||
| 505 | 0 | _aVol. 1: c.1200-c.1750 / edited by Tapan Raychaudhuri and Irfan Habib -- | |
| 651 | 0 |
_aIndia _xEconomic conditions. _yc. 1200 - c. 1970 _962783 |
|
| 700 | 1 |
_aKumar, Dharma, Gen. ed. _9234775 |
|
| 700 | 1 |
_aRaychaudhuri, Tapan, jt. Gen. ed. _9234776 |
|
| 700 | 1 |
_aHabib, Irfan, ed. _d1931- _9234777 |
|
| 942 |
_2ddc _cRAR |
||
| 999 |
_c76199 _d76199 |
||